Marvel Comics - Lesser Known Heroes - Statistics

General Stats
  • This quiz has been taken 67 times
    65 since last reset
  • The average score is 10 of 28
Answer Stats
Picture Answer % Correct
Quasar
75%
Jack-of-Hearts
69%
Machine Man
69%
Phantomex
69%
Doop
61%
Karnak
57%
Sleepwalker
57%
Doctor Spectrum
47%
Night Thrasher
47%
Slapstick
43%
Gargoyle
41%
Chamber
39%
Solo
37%
Nomad
33%
Shroud
31%
Death's Head
29%
Hellstorm
27%
Hallow's Eve
18%
Star
18%
Century
16%
Nightwatch
16%
Terror Inc.
16%
Motormouth
10%
Die-Cut
8%
Digitek
8%
Mosaic
8%
Wild Thing
8%
Ghost Light
6%
No matching quizzes found
Score Distribution
Percent of People with Each Score
Percentile by Number Answered
Your Score History
You have not taken this quiz since the last reset